000 00412nam a22001697a 4500
005 20160523163939.0
008 160523b xxu||||| |||| 00| 0 eng d
020 _a81-7029-301-4
041 _aeng
082 _b4441
100 _aKanet, Yashwant
_91085
245 _aWorking With C
260 _aNew Delhi
_bAcademic Faundation
_c2003
300 _a510
650 _aInformation Technology
_9137
942 _cBK
999 _c1476
_d1476